All cities or towns in Cape Cod - Statistics

General Stats
  • This quiz has been taken 18 times
  • The average score is 11 of 15
Answer Stats
Hint Answer % Correct
No Provincetown
100%
No Dennis
80%
No Sandwich
80%
No Yarmouth
80%
No Barnstable
73%
No Chatham
73%
No Falmouth
73%
No Mashpee
73%
No Eastham
67%
No Harwich
67%
No Truro
67%
No Bourne
60%
No Brewster
60%
No Orleans
60%
No Wellfleet
60%
No matching quizzes found
Score Distribution
Percent of People with Each Score
Percentile by Number Answered
Your Score History
You have not taken this quiz